000 00492nam a2200169 i 4500
001 74682
003 ES-MaACL
005 20230906172219.0
007 t|
008 040920s1961 sp ||||1| spa d
100 1 _aGonzález-Ruano, César,
_d1903-1965
_958936
245 1 0 _aA todo el mundo no le gusta el amarillo /
_cCésar González-Ruano.
260 _aMadrid :
_bAguado,
_c[1961]
300 _a228 p. ;
_c17 cm.
852 _aES-MaACL
_jC-20190
_bR.48370
999 _c74682
_d74682